000
00329nam a2200133Ia 4500
008
210210b1971 xxu||||| |||| 00| 0 eng d
082
_a
158 MAUH
100
_a
MAURUS (J).
245
_a
How to enjoy peace.
260
_a
Allahabad
_b
Better yourself books
_c
1971
300
_a
210
690
_a
Applied Psychology
906
_a
030545
999
_c
81830
_d
81830